| 000 | 00871nam a22003250a 4500 | ||
|---|---|---|---|
| 001 | PT41264 | ||
| 003 | AR-LpoUNG | ||
| 005 | 20210131230835.0 | ||
| 008 | 191001s1996||||sp |||||||||||||||||spa d | ||
| 020 |
_a8485789717 _c$57.50 |
||
| 040 |
_aAR-LpoUNG _bspa _cAR-LpoUNG _eaacr |
||
| 041 | _aspa | ||
| 044 | _asp | ||
| 082 | 0 | _a410 467com | |
| 100 | 1 | _aBenito Lobo, José Antonio | |
| 245 | 1 | 3 |
_aEl comentario de los textos : _basimilación y sentido crítico |
| 250 | _a4§ ed. | ||
| 260 |
_aMadrid : _bEdinumen, _c1996. |
||
| 300 |
_a174 p. : _btbls. |
||
| 650 | 4 | _aANALISIS DE CONTENIDO | |
| 650 | 4 | _aTEXTOS | |
| 651 | 4 | _aDOCUMENTOS TEORICOS O METODOLOGICOS | |
| 653 | _aANALISIS DEL DISCURSO | ||
| 653 | _aINTERPRETACION | ||
| 653 | _aLINGUISTICA | ||
| 653 | _aSEMIOTICA | ||
| 700 | 1 | _aFernández Vizoso, Martín | |
| 905 | _a41264 | ||
| 942 | _cLIB | ||
| 999 |
_c6485 _d6485 |
||